000 01462cam a22004334i 4500
003 PE-LiUPU
005 20250731184550.0
008 150616s r 000 0 d
040 _aPE-LiUPU
_bspa
_cPE-LiUPU
_erda
049 _aPRUA
082 0 4 _a991.4
_bZ21h
_223
100 1 _aZaide, Gregorio F.,
_eautor.
245 1 0 _aHistory of the katipunan /
_cZaide, Gregorio F.
264 1 _aManila, Filipinas :
_bLoyal Press,
_c1939.
300 _a206 páginas :
_bilustraciones ;
_c23 centímetros.
336 _atext
_2rdacontent
337 _aunmediated
_2rdamedia
338 _avolume
_2rdacarrier
504 _aIncluye bibliografía.
505 0 _aThe rise of the katipunan -- Katipunan aims and katipuneros -- Katipunan literature and press -- The katipunan girds for war -- The discovery of the katipunan -- Conflicting versions on the k.k.k. discovery -- True story of the discovery -- The katipunan and the philippine revolution -- The end of the katipunan.
526 _aP136
526 _aP135
526 _aP134
526 _aP133
526 _aP144
526 _aP143
526 _aP87
526 _aP35
526 _aP20
526 _aP14
526 _aP10
526 _aP06
600 0 _aBonifacio, Andres,
_d1863-1897.
_94643
610 1 4 _aKatipunan (Filipinas)
_94642
910 _ajck
942 _2ddc
_cBK
980 _81
_gALBERTO SANCHEZ Responsable de Automatización
999 _c41353
_d41353